000 00307nam a22001337a 4500
008 171016b xxu||||| |||| 00| 0 eng d
020 _a394318994
041 _aeng
080 _22ND
_a33
100 _a52
101 _aEKO
245 _aAN INTRODUCTION TO REGIONAL ECONOMICS
_cHOOVER,E.M
942 _2udc
_cBK
999 _c34109
_d34109